01826nam a2200253uu 4500001000800000005001700008008004100025020001800066035001200084040001300096041000800109082000800117100003100125245010900156250001700265260003200282300003600314505060900350520048800959650003401447650001901481650003901500700003301539149397720260508092636.0180510s2013 spa  a9789588821085 a1493977 ccomduadb aspa 4a65010aSilbiger, Steven4auteaut10aMBA en 10 días : guía paso a paso con las enseñanzas de las mejores escuelas de negocios del mundo a1. edición aBogotá :bConecta,c2013. a492 páginas :bilustraciones. aCONTENIDO : Introducción. -- Marketing. -- Ética. -- Contabilidad. -- Comportamiento organizativo. -- Análisis cuatitativo. -- Finanzas. -- Operaciones. -- Economía. -- Estrategia. -- Cursillos de MBA : Estudio y análisis de la competencia. Hablar en público. Negociaciones. Negocios internacionales. Derecho mercantil. Redacción comercial. Inversión inmobiliaria. Liderazgo. Planificación financiera. -- Diploma del MBA en 10 días. -- Agradecimientos. -- Apéndice : Tablas de análisis cuantitativo. -- Glosario de abreviaturas del MBA. -- Autorizaciones. -- Índice analítico.3 aEl contenido de un MBA accesible al ritmo de un capítulo por día. MBA en diez días procede de la condensación de los materiales empleados en las mejores escuelas de negocios del mundo (Harvard, Stanford, la Universidad de Pensilvania, Northwestern, entre otras), repartidos en diez grandes unidades que se pueden aprender en un día cada una y que cubren las materias impartidas en los programas de máster en administración de empresas de estas universidades de élite. 7aÉxito en los negocios2lemb 7aMercadeo2lemb 7aAdministración de empresas2lemb10aMuñiz, Emilio G.4trletrl